000 00688nam a2200289Ia 4500
005 20260324142507.0
008 008 260324s9999 xx 000 0 eng d
020 _a9781315021317
037 _aEBOOK
040 _aCRL
040 _beng
040 _cCRL
041 _2eng
041 _aeng
084 _qCRL
100 _aCarol Becker
_91178603
245 4 _aThe Subversive Imagination
245 4 _bThe Artist, Society and Social Responsiblity
260 _bTaylor and Francis
260 _c1994
365 _a
365 _b255
856 _uhttp://www.taylorfrancis.com/books/9781315021317
942 _cEBOOK
999 _c1816407
_d1816407